| 000 | 00824nam a22002057a 4500 | ||
|---|---|---|---|
| 999 |
_c6759 _d6759 |
||
| 003 | AR-CdUCM | ||
| 008 | 190319b ||||| |||| 00| 0 spa d | ||
| 040 |
_aMUNICIPALIDAD PROVINCIAL DEL CUSCO _cBIBLIOTECA MUNICIPAL DEL CUSCO |
||
| 082 |
_a020.7 / _bSA12 |
||
| 100 |
_aSabor, Josefa Emilia _919031 |
||
| 245 | _aMétodos de enseñanza de la bibliotecología / | ||
| 260 |
_aParís : _bUNESCO, _c1968. |
||
| 300 |
_a146 páginas ; _c21 cm. |
||
| 440 |
_aManuales de Unesco para las bibliotecas. _n16 _919032 |
||
| 505 | _aContenido: Educación, pedagogía y pedagogía bibliotecológica -- Principios generales de metodología de la enseñanza -- Las estructuras didácticas. | ||
| 650 |
_aEducación bibliotecaria _918777 |
||
| 700 |
_aNassif, Ricardo (estudio preliminar) _919033 |
||
| 942 |
_2ddc _cLIBROS |
||
| 945 | _aachl | ||